|
|
|
|
| LEADER |
01857nam a2200505 a 4500 |
| 001 |
nkc20071718145 |
| 003 |
CZ PrNK |
| 005 |
20080424153023.0 |
| 007 |
ta |
| 008 |
070502s2007 xr a e p 000 d cze |
| 015 |
|
|
|a cnb001718145
|
| 020 |
|
|
|a 978-80-246-1352-9
|q (brož.) :
|c Kč 110,00
|
| 035 |
|
|
|a (OCoLC)190752242
|
| 040 |
|
|
|a ABA001
|b cze
|
| 072 |
|
7 |
|a 811.162.3
|x Čeština
|2 Konspekt
|9 11
|
| 072 |
|
7 |
|a 37.016
|x Učební osnovy. Vyučovací předměty. Učebnice
|2 Konspekt
|9 22
|
| 080 |
|
|
|a 811.162.3
|2 MRF
|
| 080 |
|
|
|a 81'24
|2 MRF
|
| 080 |
|
|
|a (0:82-2)
|2 MRF
|
| 080 |
|
|
|a (07)
|2 MRF
|
| 100 |
1 |
|
|a Vonková, Milena,
|d 1956-
|7 jn20001005112
|4 aut
|
| 245 |
1 |
0 |
|a Cizinci v Praze, aneb, Putování cizinců za češtinou a putování mladých lidí za láskou :
|b divadelní hra pro pokročilé /
|c Milena Vonková
|
| 246 |
3 |
0 |
|a Putování cizinců za češtinou a putování mladých lidí za láskou
|
| 250 |
|
|
|a 1. vyd.
|
| 260 |
|
|
|a Praha :
|b Karolinum,
|c 2007
|
| 300 |
|
|
|a 109 s. :
|b il. ;
|c 21 cm
|
| 490 |
1 |
|
|a Učební texty Univerzity Karlovy v Praze
|
| 500 |
|
|
|a 200 výt.
|
| 521 |
8 |
|
|a Pro posluchače ÚJOP UK
|
| 550 |
|
|
|a Vydavatel: Univerzita Karlova v Praze
|
| 650 |
0 |
7 |
|a čeština
|7 ph135292
|2 czenas
|
| 650 |
0 |
7 |
|a jazyková výuka
|7 ph162894
|2 czenas
|
| 650 |
0 |
9 |
|a Czech language
|2 eczenas
|
| 650 |
0 |
9 |
|a language teaching and learning
|2 eczenas
|
| 655 |
|
7 |
|a divadelní hry
|7 fd132028
|2 czenas
|
| 655 |
|
7 |
|a učební texty
|7 fd133599
|2 czenas
|
| 655 |
|
9 |
|a theatre plays
|2 eczenas
|
| 655 |
|
9 |
|a educational texts
|2 eczenas
|
| 710 |
2 |
|
|a Univerzita Karlova
|7 kn20010710036
|
| 810 |
2 |
|
|a Univerzita Karlova.
|t Učební texty
|0 s
|
| 910 |
2 |
|
|a BOA001
|b 2-1194.607
|
| 990 |
|
|
|a BK
|
| 995 |
|
|
|a 01
|
| 991 |
|
|
|b 200712
|
| 996 |
6 |
|
|b 2610324996
|c 2-1194.607
|l MZK
|r Sklad / do 1 hodiny
|n 2
|p p.v.
|w 000875850
|u 000010
|a 1
|e BOA001
|j MZK50
|s P
|